| 000 -LEADER |
| fixed length control field |
00418nam a22001577a 4500 |
| 008 - FIXED-LENGTH DATA ELEMENTS--GENERAL INFORMATION |
| fixed length control field |
200709b ||||| |||| 00| 0 eng d |
| 082 00 - DEWEY DECIMAL CLASSIFICATION NUMBER |
| Classification number |
670 |
| Item number |
T5839 |
| 100 ## - MAIN ENTRY--PERSONAL NAME |
| 9 (RLIN) |
3283 |
| Personal name |
Timings, R. L. |
| 245 10 - TITLE STATEMENT |
| Title |
Manufacturing technology / |
| 250 ## - EDITION STATEMENT |
| Edition statement |
2nd ed. |
| 260 ## - PUBLICATION, DISTRIBUTION, ETC. (IMPRINT) |
| Place of publication, distribution, etc |
England |
| Name of publisher, distributor, etc |
Longman |
| Date of publication, distribution, etc |
1984 |
| 300 ## - PHYSICAL DESCRIPTION |
| Extent |
269 p. |
| 490 0# - SERIES STATEMENT |
| Series statement |
Longman Technician Series |
| 650 #0 - SUBJECT ADDED ENTRY--TOPICAL TERM |
| Topical term or geographic name as entry element |
Manufacturing processes |
| 942 ## - ADDED ENTRY ELEMENTS (KOHA) |
| Item type |
Books |